National conference on appropriate technologies for industrial pollution control and environmental management: (Record no. 24502)
[ view plain ]
| 000 -LEADER | |
|---|---|
| fixed length control field | 00534nam a22001337a 4500 |
| 008 - FIXED-LENGTH DATA ELEMENTS--GENERAL INFORMATION | |
| fixed length control field | 230427b |||||||| |||| 00| 0 eng d |
| 040 ## - CATALOGING SOURCE | |
| Original cataloging agency | National Science Library |
| Transcribing agency | National Science Library |
| 080 ## - UNIVERSAL DECIMAL CLASSIFICATION NUMBER | |
| Universal Decimal Classification number | 504.064(082.2) |
| Item number | P2 |
| 245 ## - TITLE STATEMENT | |
| Title | National conference on appropriate technologies for industrial pollution control and environmental management: |
| Remainder of title | 22-23 November, 2002 |
| Statement of responsibility, etc. | / Department of Civil Engineering |
| 260 ## - PUBLICATION, DISTRIBUTION, ETC. | |
| Place of publication, distribution, etc. | Tirupati: |
| Name of publisher, distributor, etc. | Department of Civil Engineering, |
| Date of publication, distribution, etc. | 2002 |
| 300 ## - PHYSICAL DESCRIPTION | |
| Extent | 155p. |
| 650 ## - SUBJECT ADDED ENTRY--TOPICAL TERM | |
| Topical term or geographic name entry element | Science |
| 942 ## - ADDED ENTRY ELEMENTS (KOHA) | |
| Source of classification or shelving scheme | Universal Decimal Classification |
| Koha item type | Proceedings |
| Withdrawn status | Lost status | Source of classification or shelving scheme | Damaged status | Not for loan | Home library | Current library | Shelving location | Date acquired | Total Checkouts | Full call number | Barcode | Date last seen | Price effective from | Koha item type |
|---|---|---|---|---|---|---|---|---|---|---|---|---|---|---|
| Universal Decimal Classification | National Science Library | National Science Library | GF/Rk-5/C-21/R-4 | 24/01/2003 | 504.064(082.2) P2 | 180396 | 27/04/2023 | 24/01/2003 | Proceedings |